[Event "TUR-ch op"]
[Site "Antalya"]
[Date "2008.02.10"]
[Round "11.82"]
[White "Aksel, Ali"]
[Black "Aslan, Ziver"]
[Result "1-0"]
[WhiteElo "1570"]
[BlackElo "1464"]
[PlyCount "111"]
[EventDate "2008.02.04"]
[EventType "swiss"]
[EventRounds "11"]
[EventCountry "TUR"]
[SourceTitle "CBM 122 Extra"]
[Source "ChessBase"]
[SourceDate "2008.03.04"]
[SourceVersion "1"]
[SourceVersionDate "2008.03.04"]
[SourceQuality "1"]

1. e4 c5 2. Nf3 e6 3. Bc4 Nc6 4. 0-0 Nf6 5. Re1 d6 6. c3 Be7 7. d4 cxd4 8. cxd4 d5 9. Bd3 0-0 10. e5 Ne8 11. a3 f6 12. Bc2 a6 13. Nh4 f5 14. Nf3 b5 15. Qd3 Rf7 16. g4 g6 17. g5 Ng7 18. h4 Qb6 19. Be3 f4 20. Bd2 Nf5 21. Bc3 b4 22. axb4 Bxb4 23. Nbd2 a5 24. Nb3 Ba6 25. Qd2 Ng7 26. Bxb4 Qxb4 27. Qd1 Bc8 28. Kg2 Nf5 29. Rh1 a4 30. h5 Raa7 31. Bxf5 exf5 32. Nc5 a3 33. bxa3 Rxa3 34. hxg6 hxg6 35. Rb1 Qa5 36. Rh6 Rg7 37. e6 Qd8 38. Qc1 Rxf3 39. Qh1 Qxg5+ 40. Kf1 Kf8 41. Rh8+ Ke7 42. Qxf3 Bxe6 43. Rb7+ Kd6 44. Nxe6 Qf6 45. Nxg7 Qxd4 46. Qa3+ Ke5 47. Re8+ Kf6 48. Qb2 Qxb2 49. Rxb2 Kxg7 50. Rb7+ Kh6 51. Rb6 Nd4 52. Rg8 f3 53. Rbxg6+ Kh7 54. R6g7+ Kh6 55. Rg1 Kh7 56. R8g3 1-0

[Event "TUR-ch op"]
[Site "Antalya"]
[Date "2008.02.07"]
[Round "7.80"]
[White "Ozturk, Hilal"]
[Black "Aksel, Ali"]
[Result "1-0"]
[WhiteElo "1533"]
[BlackElo "1570"]
[PlyCount "99"]
[EventDate "2008.02.04"]
[EventType "swiss"]
[EventRounds "11"]
[EventCountry "TUR"]
[SourceTitle "CBM 122 Extra"]
[Source "ChessBase"]
[SourceDate "2008.03.04"]
[SourceVersion "1"]
[SourceVersionDate "2008.03.04"]
[SourceQuality "1"]

1. e4 c6 2. d4 d5 3. Nc3 e6 4. exd5 cxd5 5. Nf3 Nc6 6. a3 g6 7. Be2 Nge7 8. Bf4 a6 9. 0-0 Bg7 10. Na4 Nf5 11. c3 0-0 12. Nc5 Re8 13. Qb3 b5 14. Nd3 Na5 15. Qc2 Nc4 16. a4 bxa4 17. Rxa4 Bd7 18. Ra2 Bb5 19. Nfe5 f6 20. Nxc4 Bxc4 21. b3 Bb5 22. Rd1 Rc8 23. Nc5 e5 24. Be3 Bxe2 25. Qxe2 exd4 26. cxd4 Nxd4 27. Rxd4 Rxc5 28. Qxa6 Qc7 29. Rd1 Rc3 30. Qb5 Re5 31. Bf4 Rc5 32. Bxe5 fxe5 33. Qe8+ Bf8 34. Ra8 Qg7 35. g3 Qf6 36. b4 Rc2 37. Rf1 e4 38. Qd8 Qf5 39. Ra5 Rd2 40. Raa1 d4 41. Rad1 e3 42. fxe3 Rxd1 43. Rxd1 dxe3 44. Rf1 e2 45. Rxf5 e1Q+ 46. Rf1 Qxb4 47. Qd5+ Kg7 48. Qf7+ Kh6 49. Qxf8+ Qxf8 50. Rxf8 1-0